[Event "Quebec op"]
[Site "Montreal"]
[Date "1991.07.31"]
[Round "5"]
[White "Belanger, Jacques"]
[Black "Glass, Martin"]
[Result "0-1"]
[WhiteElo "2022"]
[BlackElo "2018"]
[PlyCount "80"]
[EventDate "1991.07.27"]
[EventType "swiss"]
[EventRounds "8"]
[EventCountry "CAN"]
[SourceTitle "EXT 2022"]
[Source "ChessBase"]
[SourceDate "2021.10.06"]
[SourceVersion "1"]
[SourceVersionDate "2021.10.06"]
[SourceQuality "1"]

1. e4 c5 2. Nf3 d6 3. d4 cxd4 4. Nxd4 Nf6 5. Nc3 g6 6. Be3 Bg7 7. f3 Nc6 8. Qd2 0-0 9. Bc4 Bd7 10. 0-0-0 Rc8 11. Bb3 Ne5 12. h4 h5 13. Bg5 Rc5 14. Kb1 b5 15. g4 hxg4 16. Bxf6 Bxf6 17. h5 g5 18. f4 Nc4 19. Bxc4 bxc4 20. Nd5 e6 21. Nxf6+ Qxf6 22. Rdf1 Rb8 23. c3 gxf4 24. Rxf4 Qg7 25. h6 Qg6 26. Qf2 Rg5 27. Ka1 g3 28. Qf3 g2 29. Rg1 Qxh6 30. Rxf7 Rf8 31. Rf4 Rxf4 32. Qxf4 e5 33. Qe3 exd4 34. Qxd4 Qh2 35. Qxc4+ Kg7 36. Qd4+ Kg6 37. b4 Qe5 38. Qc4 Be6 39. Qc6 Qh2 40. Qe8+ Bf7 0-1

[Event "Quebec-ch U20"]
[Site "Montreal"]
[Date "1990.03.02"]
[Round "3"]
[White "Glass, Martin"]
[Black "Ouaknine, Joel"]
[Result "1-0"]
[WhiteElo "1900"]
[BlackElo "1926"]
[PlyCount "65"]
[EventDate "1990.03.01"]
[EventType "tourn"]
[EventRounds "7"]
[EventCountry "CAN"]
[SourceTitle "EXT 2022"]
[Source "ChessBase"]
[SourceDate "2021.10.06"]
[SourceVersion "1"]
[SourceVersionDate "2021.10.06"]
[SourceQuality "1"]

1. c4 e5 2. g3 d6 3. Bg2 Nc6 4. Nc3 Be6 5. b3 g6 6. e3 Bg7 7. Nge2 Qd7 8. h3 Nge7 9. d4 d5 10. cxd5 Nxd5 11. Nxd5 Bxd5 12. e4 Bxe4 13. Bxe4 0-0-0 14. d5 f5 15. Bg2 e4 16. Rb1 Nb4 17. Nf4 Nxa2 18. Qc2 Nc3 19. Ra1 Nxd5 20. Rxa7 Kb8 21. Qa2 Bc3+ 22. Kf1 Nb6 23. Kg1 g5 24. Ne2 Bd2 25. Kh2 Bxc1 26. Rxc1 Rhe8 27. Ra1 c6 28. Qa5 Kc7 29. Nc3 Ra8 30. Qc5 Rxa7 31. Rxa7 Nd5 32. Nb5+ Kb8 33. Ra8+ 1-0

[Event "Quebec op"]
[Site "Montreal"]
[Date "1989.07.29"]
[Round "8"]
[White "Gladu, Pierre"]
[Black "Glass, Martin"]
[Result "1-0"]
[WhiteElo "1924"]
[BlackElo "1817"]
[PlyCount "59"]
[EventDate "1989.07.22"]
[EventType "swiss"]
[EventRounds "8"]
[EventCountry "CAN"]
[SourceTitle "EXT 2022"]
[Source "ChessBase"]
[SourceDate "2021.10.06"]
[SourceVersion "1"]
[SourceVersionDate "2021.10.06"]
[SourceQuality "1"]

1. e4 c5 2. Nf3 d6 3. d4 cxd4 4. Nxd4 Nf6 5. Nc3 g6 6. Be3 Bg7 7. f3 0-0 8. Bc4 Nc6 9. Qd2 Bd7 10. 0-0-0 Rc8 11. Bb3 Ne5 12. h4 h5 13. Qe2 a6 14. g4 b5 15. Nd5 Nfxg4 16. fxg4 Bxg4 17. Qd2 Bxd1 18. Rxd1 Nc4 19. Bxc4 Rxc4 20. b3 Rc8 21. Bg5 Re8 22. Rg1 Rc5 23. Nf5 Rxd5 24. exd5 Be5 25. Qf2 Bf6 26. Bxf6 exf6 27. Qg3 Re5 28. Nh6+ Kg7 29. Nxf7 Kxf7 30. Qxg6+ 1-0

[Event "Quebec-ch U20"]
[Site "Montreal"]
[Date "1989.03.05"]
[Round "6"]
[White "Lesiege, Alexandre"]
[Black "Glass, Martin"]
[Result "1-0"]
[WhiteElo "2347"]
[BlackElo "1645"]
[PlyCount "71"]
[EventDate "1989.03.02"]
[EventType "tourn"]
[EventRounds "7"]
[EventCountry "CAN"]
[SourceTitle "EXT 2022"]
[Source "ChessBase"]
[SourceDate "2021.10.06"]
[SourceVersion "1"]
[SourceVersionDate "2021.10.06"]
[SourceQuality "1"]

1. e4 c6 2. d4 d5 3. Nd2 dxe4 4. Nxe4 Nd7 5. Ng5 e6 6. Bd3 Ngf6 7. N1f3 Bd6 8. Qe2 h6 9. Ne4 Nxe4 10. Qxe4 Nf6 11. Qe2 Qc7 12. Ne5 b6 13. Bd2 Bb7 14. 0-0-0 0-0-0 15. Rhe1 Nd5 16. Ba6 Bxa6 17. Qxa6+ Kb8 18. Qa4 Rc8 19. c4 Nf6 20. Nd3 c5 21. dxc5 Bxc5 22. Bf4 Bd6 23. Bxd6 Qxd6 24. Ne5 Qc7 25. Rd3 Ka8 26. f4 Rhd8 27. Red1 Rxd3 28. Rxd3 Kb7 29. Kb1 a6 30. Ra3 Ra8 31. Qd1 Rc8 32. b4 Ne4 33. Qd3 f5 34. c5 b5 35. c6+ Ka7 36. Rxa6+ 1-0

[Event "Quebec-ch U20"]
[Site "Montreal"]
[Date "1989.03.04"]
[Round "4"]
[White "Glass, Martin"]
[Black "Tremblay, Rejean"]
[Result "0-1"]
[WhiteElo "1645"]
[BlackElo "2095"]
[PlyCount "140"]
[EventDate "1989.03.02"]
[EventType "tourn"]
[EventRounds "7"]
[EventCountry "CAN"]
[SourceTitle "EXT 2022"]
[Source "ChessBase"]
[SourceDate "2021.10.06"]
[SourceVersion "1"]
[SourceVersionDate "2021.10.06"]
[SourceQuality "1"]

1. c4 Nf6 2. Nc3 g6 3. g3 Bg7 4. Bg2 0-0 5. e3 d6 6. Nge2 Nbd7 7. 0-0 e5 8. d4 c6 9. b3 Re8 10. h3 e4 11. Ba3 Qe7 12. Qc2 h5 13. Rad1 Nf8 14. d5 c5 15. Bb2 Bf5 16. Nb1 N8h7 17. h4 Bh6 18. Qc3 Bg4 19. Rde1 Qd7 20. Nd2 Qf5 21. Nf4 Re7 22. f3 exf3 23. Bxf3 Bxf3 24. Rxf3 Qg4 25. Kg2 Bg7 26. Nh3 Ne8 27. Qc2 Bxb2 28. Qxb2 Ng7 29. Rf4 Qd7 30. Re4 Rae8 31. Rxe7 Qxe7 32. e4 g5 33. Nxg5 Nxg5 34. hxg5 Qxg5 35. Nf3 Qg4 36. Qc2 f5 37. Nh2 Qg5 38. Nf3 Qf6 39. exf5 Rxe1 40. Nxe1 Nxf5 41. Qe2 Qg6 42. Qe6+ Qxe6 43. dxe6 Nd4 44. Kh3 Nxe6 45. Kh4 Ng7 46. g4 hxg4 47. Kxg4 Kf7 48. Kf4 Ke6 49. Ke4 Ne8 50. Nf3 Nf6+ 51. Kd3 Kd7 52. a3 Ng4 53. Kc3 Ke6 54. b4 Ne5 55. Nh4 Kd7 56. Ng2 Ng6 57. Ne3 Nf4 58. Nf5 b6 59. Ng7 Ne2+ 60. Kd3 Ng3 61. Ke3 Ke7 62. b5 Kf7 63. Kf3 Nf1 64. Ke2 Kxg7 65. Kxf1 Kf6 66. Kf2 Ke5 67. Ke3 d5 68. cxd5 Kxd5 69. Kd3 c4+ 70. Kc3 Kc5 0-1

[Event "Quebec-ch U16"]
[Site "Montreal"]
[Date "1988.03.04"]
[Round "3"]
[White "Glass, Martin"]
[Black "Lacognata, Tony"]
[Result "1/2-1/2"]
[WhiteElo "1443"]
[BlackElo "1500"]
[PlyCount "62"]
[EventDate "1988.03.03"]
[EventType "tourn"]
[EventRounds "7"]
[EventCountry "CAN"]
[SourceTitle "EXT 2022"]
[Source "ChessBase"]
[SourceDate "2021.10.06"]
[SourceVersion "1"]
[SourceVersionDate "2021.10.06"]
[SourceQuality "1"]

1. e4 e5 2. Nf3 Nc6 3. Bc4 Nf6 4. d3 Bc5 5. c3 d5 6. exd5 Nxd5 7. Qb3 0-0 8. Qb5 Qd6 9. b4 Ndxb4 10. cxb4 Nxb4 11. 0-0 Nc2 12. Bb2 Bd4 13. Nxd4 exd4 14. Qa4 Nxa1 15. Ba3 Qg6 16. Bxf8 Bh3 17. Bd5 Rxf8 18. Na3 h5 19. Rxa1 h4 20. Kh1 c6 21. Be4 Bf5 22. Bxf5 Qxf5 23. Qxd4 h3 24. gxh3 Qf3+ 25. Kg1 Re8 26. Nc4 Re6 27. Ne3 Rg6+ 28. Kf1 c5 29. Qd8+ Kh7 30. Qh4+ Kg8 31. Qd8+ Kh7 1/2-1/2

[Event "Quebec-ch U16"]
[Site "Montreal"]
[Date "1987.05.17"]
[Round "4"]
[White "Malo, Pascal"]
[Black "Glass, Martin"]
[Result "1-0"]
[WhiteElo "1569"]
[BlackElo "1393"]
[PlyCount "39"]
[EventDate "1987.05.15"]
[EventType "tourn"]
[EventRounds "7"]
[EventCountry "CAN"]
[SourceTitle "EXT 2022"]
[Source "ChessBase"]
[SourceDate "2021.10.06"]
[SourceVersion "1"]
[SourceVersionDate "2021.10.06"]
[SourceQuality "1"]

1. e4 c5 2. Nf3 d6 3. d4 cxd4 4. Nxd4 Nf6 5. Nc3 g6 6. Be3 Bg7 7. Bc4 0-0 8. 0-0 a6 9. Qd2 b5 10. Bd5 Nxd5 11. exd5 Bb7 12. a3 Qc7 13. Bh6 Nd7 14. Nf5 Bxh6 15. Nxh6+ Kg7 16. Ng4 Rac8 17. Rfe1 Nf6 18. Ne4 Nxd5 19. Qh6+ Kg8 20. Ng5 1-0

[Event "Quebec-ch U16"]
[Site "Montreal"]
[Date "1987.05.16"]
[Round "3"]
[White "Lavoie, Denis"]
[Black "Glass, Martin"]
[Result "0-1"]
[WhiteElo "1312"]
[BlackElo "1393"]
[PlyCount "56"]
[EventDate "1987.05.15"]
[EventType "tourn"]
[EventRounds "7"]
[EventCountry "CAN"]
[SourceTitle "EXT 2022"]
[Source "ChessBase"]
[SourceDate "2021.10.06"]
[SourceVersion "1"]
[SourceVersionDate "2021.10.06"]
[SourceQuality "1"]

1. d4 Nf6 2. c4 g6 3. Nc3 Bg7 4. e4 d6 5. f3 c6 6. Be3 0-0 7. Nge2 a6 8. Qc2 Nbd7 9. 0-0-0 b5 10. Nf4 Bb7 11. h4 h5 12. Rg1 e5 13. Nh3 Qe7 14. Qd2 Rfd8 15. Bg5 Qf8 16. Re1 Rac8 17. Kb1 Rb8 18. d5 Nc5 19. dxc6 Bxc6 20. cxb5 axb5 21. Bd3 Rdc8 22. Bc2 Bd7 23. Nf2 Be6 24. b3 Qe7 25. Nd3 Qa7 26. Kc1 b4 27. Nb1 Qxa2 28. Nxb4 Nxb3+ 0-1